• 首页
  • 本馆介绍
  • 公告通知
  • 最新文献
  • 馆藏检索
  • 电子资源
  • 读者导购
  • 参考咨询
  • 我的图书馆
  • 登录
  • 详细信息显示
  • 放入我的书架
  • 预约/预借图书
  • 作者相关作品
  • 分类相关作品
  • 丛书相关作品
  • 出版社相关作品

书目信息

  • 表格格式
  • 工作单格式
  • 卡片格式
题名:
晚清海外笔记选
    
 
作者: ;福建师范大学历史系华侨史资料选辑组 编
分册:  
出版信息: 北京   海洋出版社  1983
页数: 268页
开本: 21cm
丛书名:
单 册:
中图分类: D634.3
科图分类:
主题词: 华侨状况--中国
电子资源:
ISBN:
000 00726nam0 2200229 45
001 0183003436
005 20060913103901.31
010    @dCNY1.20
091    @a11193.0249
100    @a19950623d1983 em y0chiy0121 ea
101 0  @achi
102    @aCN@b110000
105    @ac z 000yy
200 10 @a晚清海外笔记选@Awan qing hai wai bi ji xuan@f福建师范大学历史系华侨史资料选辑组编@FFu Jian Shi Fan Da Xue Li Shi Xi Hua Qiao Shi Zi Liao Xuan Ji Zu Bian
210    @a北京@c海洋出版社@d1983
215    @a268页@c照片@d21cm
606 0  @a华侨状况@x中国
690    @aD634.3@v3
711 02 @a福建师范大学历史系华侨史资料选辑组@4编
801  2 @aCN@bNLC@c20060913
801  0 @aCN@b上海图书馆@c20040422
905    @dD634.3@e2@f1@b111811
    
    晚清海外笔记选/福建师范大学历史系华侨史资料选辑组编.-北京:海洋出版社,1983
    268页:照片;21cm
    
    
    ISBN :CNY1.20
    
●
相关链接 在E读中查询图书 在五车中查询图书 在当当中查询图书 在豆瓣中查询图书


正题名:晚清海外笔记选     索取号:D634.3/2         预约/预借

序号 登录号 条形码 馆藏地/架位号 状态 备注
1 0111809   001111184   密集书库/ [索取号:D634.3/2] 在馆    
2 0111810   001111175   密集书库/ [索取号:D634.3/2] 在馆    
3 0111811   000374641   第一样本阅览室/ [索取号:D634.3/2] 在馆    
4 0154153   001111246   密集书库/ [索取号:D634.3/2] 在馆    
5 0154154   001111237   密集书库/ [索取号:D634.3/2] 在馆    
6 0154155   000374632   密集书库/ [索取号:D634.3/2] 在馆    
7 0475151   204751517   密集书库/ [索取号:D634.3/2] 在馆    
唐山师范学院图书馆 欢迎您!
大连网信软件有限公司© 版权所有